Unicorn Startup Companies 🦄 - Statistics

General Stats
  • This quiz has been taken 57 times
  • The average score is 7 of 19
Answer Stats
$ Country Hint Company % Correct
350 USA Elon Musk's space company SpaceX
100%
300 USA Created ChatGPT OpenAI
84%
315 China Owner of TikTok and Douyin ByteDance
49%
1.6 Lithuania VPN service Nord Security
47%
1.8 USA Social network where people submit questions Quora
45%
31.5 USA Game developer of Fortnite and Unreal Engine Epic Games
43%
6.5 Sweden “Buy now, pay later” company Klarna
41%
5.7 USA Elon Musk's tunneling company The Boring Company
41%
30 UAE Instant messaging app Telegram
35%
5 USA Electronic cigarette brand JUUL Labs
33%
13 USA/Ukraine English language writing assistant software Grammarly
31%
4 USA Allows content creators to run a subscription service Patreon
31%
113 USA Elon Musk's AI company xAI
31%
9 USA Implantable brain-computer interfaces Neuralink
24%
91.5 USA/Ireland Payment processing for websites/point of sale Stripe
24%
5.7 USA/Canada Digital media: investigative documentaries Vice Media
20%
15 USA Popular chat site/app Discord
16%
80 Canada Largest cryptocurrency exchange Binance
14%
18 USA Search engine that uses AI Perplexity AI
10%
No matching quizzes found
Score Distribution
Percent of People with Each Score
Percentile by Number Answered
Your Score History
You have not taken this quiz